000 00611nam a22002057a 4500
003 OSt
005 20251002022449.0
008 251002b |||||||| |||| 00| 0 eng d
020 _a0760717400
040 _aDWCL-Main lib
_cOC
082 _aCirc. 641.563 G743b 1999
100 _aGraimes, Nicola
245 _aThe best-ever vegetarian cookbook/
_cNicola Graimes
260 _aNew York:
_bBarnes and Noble, Inc.,
_c c1999.
300 _a512 pages
_bcolor illustrations;
_c31cm.
504 _aincludes index.
650 _a1. Formulas, recipes.
650 _a2. Vegetarian
942 _2ddc
_cBK-CIRC
_kCirc.
_n0
999 _c4619
_d4619